000 01314naa a22003257a 4500
001 BR9101902
003 BR-BrBNA
005 20250721155406.0
007 ta
008 250630b bl.|||m| |||| 00| 0 por d
040 _aBR-BrBNA
_bpor
_cBiblioteca Nacional de Agricultura
041 _a(Pt)
072 _aF04; P33
_b1440
_b3851
090 _aF04 BR9101902
100 1 _aSalviano, A.A.C.
100 1 _aNascimento Filho, A. do
111 1 _a5. Seminario de Pesquisa Agropecuaria do Piaui
_cTeresina, PI (Brazil)
_d19-21 Oct 1988
245 1 _aRendimento de materia seca de feijao e alteracoes na retencao de umidade do solo pela incorporacao de esterco de curral em casa de vegetacao
500 _aAnais do 5. Seminario de Pesquisa Agropecuaria do Piaui Teresina, PI (Brasil): 1988. p. 86-89 [7 ref.; Summary (Pt)] (BR9101902-AMS)
773 0 _tAnais do 5. Seminario de Pesquisa Agropecuaria do Piaui
_wF04 BR9101902
_gTeresina, PI (Brasil), 1988. p. 86-89
650 _aFEIJAO DE CORDA
650 _aESTERCO DE GADO
650 _aADUBACAO
650 _aUMIDADE DO SOLO
650 _aMATERIA SECA
650 _aRENDIMENTO
490 _aDocumentos - Unidade de Execucao de Pesquisa de Ambito Estadual de Teresina (Brazil)
_vNo. 9
942 _cAMS
_2AGRIS
909 _a202506
_bLúcia
_c55
_dLúcia Elande
999 _c336242
_d336242